000
00312nam a22001457a 4500
008
210308b ||||| |||| 00| 0 eng d
020
_a
0721666493
041
_a
eng
080
_a
617
082
_2
617
100
_a
8
101
_a
ORT
245
_a
Orthopaedic Radiography
_c
Bruce w. Long
942
_2
udc
_c
BK
999
_c
55896
_d
55896